[Event "Chigorin Memorial"]
[Site "St Petersburg"]
[Date "2016.10.21"]
[Round "7.27"]
[White "Schekachikhin, Maksim"]
[Black "Gajewski, Grzegorz"]
[Result "1-0"]
[WhiteElo "2347"]
[BlackElo "2621"]
[PlyCount "137"]
[EventDate "2016.10.15"]
[EventType "swiss"]
[EventRounds "9"]
[EventCountry "RUS"]

1. d4 Nf6 2. c4 g6 3. Nc3 d5 4. Nf3 Bg7 5. cxd5 Nxd5 6. e4 Nxc3 7. bxc3 c5 8.
Be3 O-O 9. Be2 Qa5 10. O-O Nd7 11. Qd3 Nb6 12. Nd2 Na4 13. Rac1 Rd8 14. Nb3 Qc7
15. Qc4 Bd7 16. Nxc5 Nxc5 17. dxc5 e5 18. Rb1 Bf8 19. Qb3 Bc6 20. f3 Qa5 21.
Bc4 Rd7 22. Qb4 Qd8 23. Qb3 Qe8 24. Rfd1 Rc7 25. Bb5 Rac8 26. Bxc6 Qxc6 27. Rd5
Qe6 28. Qb5 a6 29. Qa5 f5 30. Rb6 Rc6 31. Rxc6 Rxc6 32. Rd8 f4 33. Bf2 Qe7 34.
Rd5 Kf7 35. Qb4 g5 36. Qc4 Ke8 37. Qa4 h5 38. Rd3 g4 39. Qd1 Qg5 40. fxg4 hxg4
41. Qb3 Qe7 42. Qg8 Qe6 43. Qh7 Be7 44. Qh5+ Qg6 45. Qh8+ Kf7 46. Qxe5 Qg5 47.
Qxg5 Bxg5 48. Rd7+ Ke6 49. Rxb7 Ke5 50. Rg7 Bh6 51. Bd4+ Kxe4 52. Rxg4 Kd3 53.
Rg8 Re6 54. Kf2 Ke4 55. Rb8 Bg5 56. Rb6 Re8 57. c6 Rc8 58. Rxa6 Bh4+ 59. g3 Bg5
60. h4 fxg3+ 61. Kxg3 Bf4+ 62. Kf2 Rf8 63. Ke2 Rb8 64. Bb6 Be5 65. c4 Rg8 66.
c7 Rg2+ 67. Kf1 Rg8 68. Ra5 Bf4 69. Rd5 1-0

[Event "Chigorin Memorial"]
[Site "St Petersburg"]
[Date "2016.10.21"]
[Round "7.28"]
[White "Huzman, Alexander"]
[Black "Gevorgyan, David Sh"]
[Result "1-0"]
[WhiteElo "2577"]
[BlackElo "2335"]
[PlyCount "61"]
[EventDate "2016.10.15"]
[EventType "swiss"]
[EventRounds "9"]
[EventCountry "RUS"]

1. Nf3 Nf6 2. c4 e6 3. g3 d5 4. d4 dxc4 5. Bg2 Nc6 6. Qa4 Bb4+ 7. Bd2 Nd5 8.
Bxb4 Ndxb4 9. O-O Rb8 10. Nc3 a6 11. Ne5 O-O 12. Nxc6 Nxc6 13. Bxc6 bxc6 14.
Qxc4 Rxb2 15. Rab1 Rb6 16. Na4 Rxb1 17. Rxb1 e5 18. dxe5 Be6 19. Qc2 Qd5 20.
Nc5 Qxe5 21. Rd1 Bg4 22. f3 Bc8 23. Kf2 Re8 24. e4 h6 25. h4 a5 26. Rd3 Be6 27.
f4 Qa1 28. Nxe6 Rxe6 29. Rd8+ Kh7 30. e5+ g6 31. Rd1 1-0

[Event "Chigorin Memorial"]
[Site "St Petersburg"]
[Date "2016.10.21"]
[Round "7.29"]
[White "Sunilduth Lyna, Narayanan"]
[Black "Belous, Mikhail"]
[Result "1-0"]
[WhiteElo "2536"]
[BlackElo "2314"]
[PlyCount "79"]
[EventDate "2016.10.15"]
[EventType "swiss"]
[EventRounds "9"]
[EventCountry "RUS"]

1. d4 Nf6 2. c4 e6 3. Nf3 Bb4+ 4. Bd2 c5 5. g3 O-O 6. Bg2 d5 7. O-O Nc6 8. cxd5
exd5 9. dxc5 Bxc5 10. Nc3 h6 11. Rc1 Re8 12. Bf4 a6 13. Nd2 Ba7 14. Nb3 d4 15.
Na4 Bg4 16. Re1 Rxe2 17. Rxe2 d3 18. Bf1 dxe2 19. Bxe2 Qxd1+ 20. Bxd1 Nb4 21.
Bxg4 Nxg4 22. Rc7 Nxf2 23. Rxb7 Nbd3 24. Kg2 g5 25. Bd2 Nd1 26. Nb6 Bxb6 27.
Rxb6 N1xb2 28. Rxh6 Re8 29. Bxg5 Nc4 30. Bf6 Re2+ 31. Kh3 Nf2+ 32. Kh4 Re4+ 33.
Kh5 Re5+ 34. Bxe5 Nxe5 35. Rxa6 Kg7 36. Nd4 Ne4 37. Nf5+ Kh7 38. a4 Nc5 39.
Rh6+ Kg8 40. a5 1-0

[Event "Chigorin Memorial"]
[Site "St Petersburg"]
[Date "2016.10.21"]
[Round "7.30"]
[White "Pershin, Denis"]
[Black "Yuffa, Daniil"]
[Result "0-1"]
[WhiteElo "2345"]
[BlackElo "2534"]
[PlyCount "66"]
[EventDate "2016.10.15"]
[EventType "swiss"]
[EventRounds "9"]
[EventCountry "RUS"]

1. e4 e6 2. d4 d5 3. Nc3 Bb4 4. exd5 exd5 5. Bd3 Nc6 6. Nf3 Bg4 7. Be3 Nf6 8.
h3 Bh5 9. O-O O-O 10. a3 Bxc3 11. bxc3 Re8 12. Rb1 b6 13. g4 Bg6 14. Bb5 Qd6
15. Qc1 Ne4 16. Bf4 Qf6 17. Qe3 a6 18. Bxc6 Qxc6 19. Ne5 Qxc3 20. Rfe1 f6 21.
Nxg6 hxg6 22. Rb3 Qc6 23. Qc1 g5 24. Bh2 Nc3 25. Qd2 Rxe1+ 26. Qxe1 Nb5 27. Qd2
Re8 28. a4 Na7 29. Rc3 Qxa4 30. Rxc7 Nb5 31. Rb7 Qc4 32. Rxb6 Nxd4 33. Kg2 Nxc2
0-1

[Event "Chigorin Memorial"]
[Site "St Petersburg"]
[Date "2016.10.21"]
[Round "7.31"]
[White "Palchun, Grigory"]
[Black "Brodsky, Michail"]
[Result "1/2-1/2"]
[WhiteElo "2336"]
[BlackElo "2524"]
[PlyCount "98"]
[EventDate "2016.10.15"]
[EventType "swiss"]
[EventRounds "9"]
[EventCountry "RUS"]

1. d4 Nf6 2. Nf3 g6 3. Bf4 Bg7 4. e3 d6 5. h3 O-O 6. Be2 c5 7. c3 Nc6 8. Nbd2
cxd4 9. exd4 e5 10. dxe5 dxe5 11. Be3 e4 12. Nd4 Nd5 13. Nxc6 bxc6 14. Nc4 Nxe3
15. Nxe3 Qe7 16. Bc4 Rb8 17. Qe2 Kh8 18. h4 f5 19. g3 Rd8 20. Rd1 Bd7 21. Ng2
Be6 22. Rxd8+ Rxd8 23. Nf4 Bxc4 24. Qxc4 Qd6 25. O-O Be5 26. Ng2 Rb8 27. Ne3
Bxg3 28. fxg3 Qxg3+ 29. Ng2 Rxb2 30. Qd4+ Kg8 31. Rf2 Rb1+ 32. Rf1 Rb2 33. Rf2
Rxf2 34. Qxf2 Qxc3 35. Qxa7 Qa1+ 36. Kf2 Qb2+ 37. Kg3 Qe5+ 38. Kf2 Qb2+ 39. Kg3
Qe5+ 40. Kf2 c5 41. Qa8+ Kg7 42. Qb7+ Kh6 43. Qf7 Qd4+ 44. Kg3 Qd3+ 45. Kf2
Qf3+ 46. Kg1 Qd1+ 47. Kf2 Qf3+ 48. Kg1 Qd1+ 49. Kf2 Qf3+ 1/2-1/2

[Event "Chigorin Memorial"]
[Site "St Petersburg"]
[Date "2016.10.21"]
[Round "7.32"]
[White "Gabrielian, Artur"]
[Black "Nazaretyan, Tigran"]
[Result "1/2-1/2"]
[WhiteElo "2524"]
[BlackElo "2308"]
[PlyCount "106"]
[EventDate "2016.10.15"]
[EventType "swiss"]
[EventRounds "9"]
[EventCountry "RUS"]

1. e4 c5 2. Nf3 Nc6 3. d4 cxd4 4. Nxd4 Nf6 5. Nc3 d6 6. Bg5 e6 7. Qd2 a6 8.
O-O-O Bd7 9. f4 h6 10. Bh4 Nxe4 11. Qe1 Nf6 12. Nf5 Qa5 13. Nxd6+ Bxd6 14. Rxd6
Qc7 15. Rd2 O-O-O 16. Bxf6 gxf6 17. Qh4 f5 18. Be2 Be8 19. Rhd1 Rxd2 20. Rxd2
Qe7 21. Qf2 Nb8 22. g4 fxg4 23. Ne4 Nc6 24. Bxa6 Kc7 25. Bf1 Bd7 26. Nd6 Rd8
27. Bg2 Be8 28. Nb5+ Kc8 29. c3 f5 30. Qb6 Rxd2 31. Kxd2 Kb8 32. Kc1 h5 33. a4
h4 34. a5 h3 35. Bh1 Qd8 36. Qe3 Qxa5 37. Bxc6 bxc6 38. Qe5+ Kb7 39. Nd6+ Ka6
40. Qe2+ Ka7 41. Qxe6 Qa1+ 42. Kc2 Qa4+ 43. b3 Qa2+ 44. Kd3 Qb1+ 45. Kc4 Qf1+
46. Kb4 c5+ 47. Kxc5 Qf2+ 48. Kb4 Qb6+ 49. Ka3 Qc5+ 50. Kb2 Qf2+ 51. Ka3 Qc5+
52. Kb2 Qf2+ 53. Ka3 Qc5+ 1/2-1/2

[Event "Chigorin Memorial"]
[Site "St Petersburg"]
[Date "2016.10.21"]
[Round "7.33"]
[White "Sviridov, Valery"]
[Black "Salemgareev, Tagir"]
[Result "1-0"]
[WhiteElo "2518"]
[BlackElo "2305"]
[PlyCount "91"]
[EventDate "2016.10.15"]
[EventType "swiss"]
[EventRounds "9"]
[EventCountry "RUS"]

1. Nf3 c5 2. g3 Nc6 3. Bg2 g6 4. O-O Bg7 5. c4 e5 6. Nc3 Nge7 7. Ne1 O-O 8. Nc2
d6 9. d3 Rb8 10. Rb1 Be6 11. b4 h6 12. bxc5 dxc5 13. Bd2 b6 14. Ne3 Qd7 15.
Ned5 Kh7 16. Qa4 Rbd8 17. a3 f5 18. e3 f4 19. exf4 exf4 20. Bxf4 Bxc3 21. Nxc3
Rxf4 22. gxf4 Bh3 23. Qd1 Bxg2 24. Kxg2 Nf5 25. Nd5 Nh4+ 26. Kh1 Qh3 27. Rg1
Nf3 28. Rg2 Ncd4 29. Qa4 a5 30. Nf6+ Kh8 31. Ng4 Nf5 32. Qc6 N3h4 33. Rgg1 Rd6
34. Qe8+ Kg7 35. Ne5 Re6 36. Qf7+ Kh8 37. Rxg6 Rxg6 38. Nxg6+ Nxg6 39. Qxg6
Qf3+ 40. Qg2 Qxd3 41. Qa8+ Kh7 42. Rg1 Ng7 43. Qb7 Qd4 44. h3 Qc3 45. Rg3 Qd4
46. Qxb6 1-0

[Event "Chigorin Memorial"]
[Site "St Petersburg"]
[Date "2016.10.21"]
[Round "7.34"]
[White "Borisovsky, Dmitry"]
[Black "Levin, Evgeny A"]
[Result "0-1"]
[WhiteElo "2335"]
[BlackElo "2505"]
[PlyCount "76"]
[EventDate "2016.10.15"]
[EventType "swiss"]
[EventRounds "9"]
[EventCountry "RUS"]

1. e4 c5 2. Nf3 e6 3. d4 cxd4 4. Nxd4 a6 5. Nc3 Qc7 6. g3 Bb4 7. Nde2 Be7 8.
Bg2 Nf6 9. O-O Nc6 10. a4 O-O 11. h3 Rb8 12. g4 d6 13. Ng3 b5 14. axb5 axb5 15.
g5 Nd7 16. f4 b4 17. Nce2 Re8 18. b3 Bf8 19. Bb2 Bb7 20. h4 Rbc8 21. Qd2 Ne7
22. Rac1 d5 23. f5 dxe4 24. fxe6 fxe6 25. Nf4 Nf5 26. Nxf5 exf5 27. g6 hxg6 28.
Nxg6 Qb6+ 29. Kh1 Qxg6 30. Qxd7 Qg4 31. Rxf5 Qxh4+ 32. Kg1 Qe7 33. Qxe7 Bxe7
34. Bd4 Red8 35. Bf2 Rd2 36. Re5 Bd6 37. Rb5 Bc6 38. Ra5 e3 0-1

[Event "Chigorin Memorial"]
[Site "St Petersburg"]
[Date "2016.10.21"]
[Round "7.35"]
[White "Moskalenko, Alexander"]
[Black "Tran, Minh Thang"]
[Result "0-1"]
[WhiteElo "2490"]
[BlackElo "2293"]
[PlyCount "62"]
[EventDate "2016.10.15"]
[EventType "swiss"]
[EventRounds "9"]
[EventCountry "RUS"]

1. d4 Nf6 2. c4 g6 3. f3 d5 4. cxd5 Nxd5 5. e4 Nb6 6. Nc3 Bg7 7. Be3 O-O 8. Qd2
Nc6 9. O-O-O f5 10. h4 fxe4 11. h5 gxh5 12. Be2 e5 13. d5 Nd4 14. fxe4 Nxe2+
15. Qxe2 Bg4 16. Nf3 Qf6 17. Qd3 c6 18. Kb1 cxd5 19. Bxb6 dxe4 20. Nxe4 Qxb6
21. Nd6 Qxb2+ 22. Kxb2 e4+ 23. Kb1 exd3 24. Rxd3 Rad8 25. Kc2 b5 26. Re1 Rf6
27. Ne4 Rc6+ 28. Kd2 Bh6+ 29. Ke2 Rc2+ 30. Kd1 Rc1+ 31. Ke2 Rxe1+ 0-1

[Event "Chigorin Memorial"]
[Site "St Petersburg"]
[Date "2016.10.21"]
[Round "7.36"]
[White "Biriukov, Oleg V"]
[Black "Kharchenko, Boris"]
[Result "1/2-1/2"]
[WhiteElo "2327"]
[BlackElo "2464"]
[PlyCount "191"]
[EventDate "2016.10.15"]
[EventType "swiss"]
[EventRounds "9"]
[EventCountry "RUS"]

1. d4 d5 2. c4 c6 3. cxd5 cxd5 4. Bf4 Nf6 5. Nc3 Nc6 6. e3 Bf5 7. Qb3 Na5 8.
Qa4+ Bd7 9. Qc2 e6 10. Nf3 Rc8 11. Bd3 Be7 12. h3 O-O 13. O-O b5 14. a3 Nc4 15.
Ne5 Be8 16. Rfc1 h6 17. Qe2 Nd7 18. Nxd7 Bxd7 19. e4 Bg5 20. Bxg5 Qxg5 21. a4
b4 22. Na2 Na5 23. Qd1 e5 24. Rxc8 Rxc8 25. Nxb4 Bxh3 26. g3 Bg4 27. Be2 Bxe2
28. Qxe2 Nb3 29. Qa6 Qg4 30. Nxd5 Kh7 31. Ne3 Qh3 32. Qf1 Qxf1+ 33. Rxf1 exd4
34. Nd5 Rc2 35. Rd1 Rxb2 36. Rd3 Nc1 37. Rd1 Nb3 38. Rd3 a5 39. Kg2 f6 40. Ne7
Nc5 41. Rxd4 Rb4 42. Nc6 Rxd4 43. Nxd4 Nxa4 44. Nb3 Nc3 45. Nxa5 Nxe4 46. Nc4
h5 47. f3 Nc5 48. Kh3 Kh6 49. Ne3 g5 50. g4 Nd3 51. gxh5 Kxh5 52. Kg3 Kg6 53.
Nd5 Kf5 54. Ne3+ Ke5 55. Ng4+ Ke6 56. Ne3 f5 57. Nc4 f4+ 58. Kg4 Kf6 59. Kh3
Ne1 60. Nd2 Kf5 61. Kh2 Kg6 62. Kg1 Nc2 63. Kg2 Ne3+ 64. Kf2 Kf5 65. Nb3 Ke5
66. Nc5 Nd1+ 67. Ke2 Nc3+ 68. Kd3 Nb5 69. Ne4 Kf5 70. Nf2 Nd6 71. Ke2 Nc4 72.
Kd3 Ne5+ 73. Ke2 Ng6 74. Kd3 Nh4 75. Ke2 Ke5 76. Nh3 Kf6 77. Nf2 Kg6 78. Ne4
Nf5 79. Kf2 Kh5 80. Nf6+ Kg6 81. Ne4 Nd4 82. Nd6 Kf6 83. Ne4+ Kf5 84. Nd6+ Ke5
85. Nf7+ Kf6 86. Nd6 Ne6 87. Nc4 Nd8 88. Ke2 Nf7 89. Kf2 Ke6 90. Ke2 Kd5 91.
Nd2 Kd4 92. Nb3+ Kc3 93. Nc5 Kc4 94. Ne4 Kd4 95. Nf6 Ne5 96. Nh7 1/2-1/2

[Event "Chigorin Memorial"]
[Site "St Petersburg"]
[Date "2016.10.21"]
[Round "7.37"]
[White "Tsydypov, Zhamsaran"]
[Black "Paszewski, Mateusz"]
[Result "1-0"]
[WhiteElo "2451"]
[BlackElo "2291"]
[PlyCount "53"]
[EventDate "2016.10.15"]
[EventType "swiss"]
[EventRounds "9"]
[EventCountry "RUS"]

1. e4 c5 2. b3 g6 3. Bb2 Nf6 4. e5 Nd5 5. Qf3 e6 6. Na3 Bg7 7. Nc4 O-O 8. h4
Nc6 9. Qg3 h5 10. Bd3 Nde7 11. Nf3 Nb4 12. Be4 Nf5 13. Bxf5 exf5 14. O-O-O d5
15. exd6 Bxb2+ 16. Kxb2 Be6 17. Nce5 Kg7 18. d4 Qa5 19. a3 Nxc2 20. Kxc2 Qxa3
21. d5 Qa2+ 22. Kc3 Qa5+ 23. Kb2 b5 24. dxe6 c4 25. exf7 c3+ 26. Kc2 Qa2+ 27.
Kd3 1-0

[Event "Chigorin Memorial"]
[Site "St Petersburg"]
[Date "2016.10.21"]
[Round "7.38"]
[White "Bao, Qilin"]
[Black "Venkatesh, M.R."]
[Result "1-0"]
[WhiteElo "2301"]
[BlackElo "2444"]
[PlyCount "133"]
[EventDate "2016.10.15"]
[EventType "swiss"]
[EventRounds "9"]
[EventCountry "RUS"]

1. Nf3 Nf6 2. g3 g6 3. b3 Bg7 4. Bb2 d6 5. d4 Nbd7 6. Bg2 O-O 7. O-O c6 8. Re1
d5 9. Nbd2 Ne4 10. Nxe4 dxe4 11. Ng5 e3 12. f4 c5 13. Nf3 Nf6 14. dxc5 Qa5 15.
Bd4 Rd8 16. c3 Ne4 17. b4 Qa3 18. Qc1 Qxc1 19. Raxc1 Bxd4 20. Nxd4 Nxc3 21.
Rxc3 Rxd4 22. a3 Rb8 23. Rxe3 Be6 24. Rd3 Rc4 25. Red1 a5 26. Rd4 Rc3 27. Rd8+
Rxd8 28. Rxd8+ Kg7 29. Rd3 axb4 30. axb4 Rc4 31. Bxb7 Rxb4 32. c6 Rc4 33. Kf2
Bf5 34. Re3 Kf6 35. Re5 Bc2 36. Ra5 Be4 37. Ra6 Kg7 38. Rb6 f5 39. Ke3 Kf7 40.
Ra6 Rb4 41. Bc8 Rc4 42. Bd7 h5 43. Rb6 Kf8 44. Rb8+ Kg7 45. Rc8 Kf7 46. Be8+
Kg7 47. Rc7 Kf6 48. Ra7 Bd5 49. Bd7 Be6 50. Ra3 Bd5 51. Kd3 e5 52. fxe5+ Kxe5
53. Rc3 Rxc3+ 54. Kxc3 Kd6 55. Be8 Bxc6 56. Bxg6 h4 57. Bxf5 hxg3 58. hxg3 Ke5
59. Bc2 Bb7 60. Kd3 Be4+ 61. Kd2 Bc6 62. Ke3 Bd5 63. g4 Be6 64. Kf3 Bd5+ 65.
Kg3 Bc6 66. g5 Bd5 67. e3 1-0

[Event "Chigorin Memorial"]
[Site "St Petersburg"]
[Date "2016.10.21"]
[Round "7.39"]
[White "Lovkov, Roman"]
[Black "Leontiev, Aleksandr V"]
[Result "1/2-1/2"]
[WhiteElo "2441"]
[BlackElo "2285"]
[PlyCount "89"]
[EventDate "2016.10.15"]
[EventType "swiss"]
[EventRounds "9"]
[EventCountry "RUS"]

1. d4 e6 2. c4 b6 3. e4 Bb7 4. d5 f5 5. exf5 Bb4+ 6. Bd2 Bxd2+ 7. Qxd2 exd5 8.
cxd5 Nh6 9. Nc3 O-O 10. Bd3 Nxf5 11. Nge2 c6 12. O-O Na6 13. Rad1 Qh4 14. Ng3
Nh6 15. h3 Nc5 16. Bc2 Rae8 17. Rfe1 a5 18. Nge4 Nxe4 19. Rxe4 Rxe4 20. Bxe4 c5
21. Re1 Nf7 22. Bf5 Bc8 23. d6 Qf6 24. Nd5 Qxd6 25. Ne7+ Kh8 26. Qxd6 Nxd6 27.
Nxc8 Rxc8 28. Bxd7 Rc7 29. Bg4 Kg8 30. Rd1 Nb7 31. Be6+ Kf8 32. f4 Ke7 33. f5
Nd6 34. Kf2 c4 35. Kf3 b5 36. Kf4 b4 37. g4 c3 38. bxc3 bxc3 39. Ke3 a4 40. Kd3
g6 41. Rc1 gxf5 42. gxf5 Nb5 43. Bc4 Rc5 44. Bxb5 Rxb5 45. Rxc3 1/2-1/2

[Event "Chigorin Memorial"]
[Site "St Petersburg"]
[Date "2016.10.21"]
[Round "7.40"]
[White "Gogolev, Artem"]
[Black "Kozionov, Kirill"]
[Result "1-0"]
[WhiteElo "2287"]
[BlackElo "2439"]
[PlyCount "63"]
[EventDate "2016.10.15"]
[EventType "swiss"]
[EventRounds "9"]
[EventCountry "RUS"]

1. Nf3 d5 2. c4 d4 3. g3 Nc6 4. Bg2 e5 5. O-O e4 6. Ne1 h5 7. Bxe4 h4 8. Bg2
hxg3 9. fxg3 Qg5 10. Nf3 Qh5 11. d3 Bg4 12. Nbd2 Nge7 13. Rf2 Nf5 14. Nf1 Bd6
15. c5 Bxc5 16. h3 Bxf3 17. Bxf3 Qg6 18. Be4 Nce7 19. Qb3 c6 20. Qxb7 Rd8 21.
Bf4 Rxh3 22. Rc1 Bd6 23. Bxd6 Qxd6 24. Bxf5 Rxg3+ 25. Nxg3 Qxg3+ 26. Kf1 Nxf5
27. Qxc6+ Kf8 28. Qc5+ Ne7 29. Qh5 Ng6 30. Qf5 Nh8 31. Rc8 Qh4 32. Rh2 1-0

[Event "Chigorin Memorial"]
[Site "St Petersburg"]
[Date "2016.10.21"]
[Round "7.41"]
[White "Ibadov, Dashgyn"]
[Black "Yanchenko, Roman"]
[Result "1/2-1/2"]
[WhiteElo "2294"]
[BlackElo "2419"]
[PlyCount "82"]
[EventDate "2016.10.15"]
[EventType "swiss"]
[EventRounds "9"]
[EventCountry "RUS"]

1. d4 Nf6 2. Nf3 d5 3. c4 c6 4. Qc2 g6 5. Nc3 Bg7 6. Bf4 O-O 7. e3 Nbd7 8. cxd5
Nxd5 9. Nxd5 cxd5 10. Qc7 Qxc7 11. Bxc7 Nf6 12. Bd3 Bf5 13. Bxf5 gxf5 14. Ke2
Rfc8 15. Rhc1 Ne8 16. Bg3 e6 17. Ne1 Bf8 18. Nd3 Bd6 19. a4 Bxg3 20. hxg3 Nd6
21. f3 Nc4 22. b3 Na5 23. Rxc8+ Rxc8 24. Rc1 Rxc1 25. Nxc1 Kf8 26. Kd3 Ke7 27.
Kc3 Nc6 28. Nd3 Kd6 29. Nf2 Ne7 30. Kd3 Ng6 31. Nh3 f6 32. Nf4 Nxf4+ 33. gxf4
a5 34. Ke2 Ke7 35. Kf2 Kf7 36. Kg3 Kg6 37. Kh4 h5 38. Kh3 Kh6 39. Kh4 Kg6 40.
Kh3 Kh6 41. Kh4 Kg6 1/2-1/2

[Event "Chigorin Memorial"]
[Site "St Petersburg"]
[Date "2016.10.21"]
[Round "7.42"]
[White "Korchmar, Vasiliy"]
[Black "Iljin, Timofey"]
[Result "0-1"]
[WhiteElo "2412"]
[BlackElo "2279"]
[PlyCount "114"]
[EventDate "2016.10.15"]
[EventType "swiss"]
[EventRounds "9"]
[EventCountry "RUS"]

1. d4 Nf6 2. c4 e6 3. Nc3 Bb4 4. e3 d5 5. Nf3 O-O 6. Bd3 b6 7. O-O Ba6 8. cxd5
Bxd3 9. Qxd3 exd5 10. a3 Bxc3 11. bxc3 Nc6 12. c4 Na5 13. Ne5 c5 14. Bb2 Rc8
15. Rac1 cxd4 16. Bxd4 dxc4 17. Nxc4 Nc6 18. Rfd1 Nxd4 19. exd4 Nd5 20. Qf3 Qd7
21. Ne5 Qe6 22. Re1 f6 23. Nd3 Rxc1 24. Rxc1 Re8 25. g3 Qe4 26. Qxe4 Rxe4 27.
Nb4 Nxb4 28. axb4 Kf7 29. Rd1 Ke8 30. Kg2 Kd7 31. Kf3 Re7 32. Ra1 Kc8 33. h4
Kb7 34. b5 h5 35. Ra2 Re1 36. Rc2 g5 37. hxg5 fxg5 38. d5 Re5 39. Rd2 Kc7 40.
d6+ Kd7 41. Ra2 Rxb5 42. Rxa7+ Kxd6 43. Rh7 g4+ 44. Ke4 Rc5 45. Rh6+ Kc7 46. f4
gxf3 47. Kxf3 Kb7 48. Ke4 Ka6 49. Kd4 Rg5 50. Rh8 Ka5 51. Ra8+ Kb4 52. Ra1 b5
53. Rb1+ Ka3 54. Ra1+ Kb2 55. Ra5 Rg4+ 56. Ke3 Rxg3+ 57. Kf4 Rg4+ 0-1

[Event "Chigorin Memorial"]
[Site "St Petersburg"]
[Date "2016.10.21"]
[Round "7.43"]
[White "Smirnov, Artem"]
[Black "Dimitrova, Aleksandra"]
[Result "1-0"]
[WhiteElo "2409"]
[BlackElo "2269"]
[PlyCount "49"]
[EventDate "2016.10.15"]
[EventType "swiss"]
[EventRounds "9"]
[EventCountry "RUS"]

1. e4 c5 2. Nf3 e6 3. d3 Nc6 4. g3 d5 5. Nbd2 g6 6. Bg2 Bg7 7. O-O Nge7 8. Re1
O-O 9. c3 Qc7 10. a3 Rd8 11. Qe2 b5 12. exd5 exd5 13. Nb3 c4 14. Bf4 Qb6 15.
Be3 Qc7 16. Nbd4 Nf5 17. Nxb5 Qb7 18. dxc4 Nxe3 19. Qxe3 Na5 20. Qf4 Nxc4 21.
Nc7 Rb8 22. Ng5 Nd6 23. Nxd5 Qxb2 24. Ne7+ Kh8 25. Qxd6 1-0

[Event "Chigorin Memorial"]
[Site "St Petersburg"]
[Date "2016.10.21"]
[Round "7.44"]
[White "Palachev, Petr"]
[Black "Nesterov, Arseniy"]
[Result "1-0"]
[WhiteElo "2408"]
[BlackElo "2214"]
[PlyCount "117"]
[EventDate "2016.10.15"]
[EventType "swiss"]
[EventRounds "9"]
[EventCountry "RUS"]

1. Nf3 d5 2. g3 Nf6 3. Bg2 Bf5 4. O-O e6 5. c4 c6 6. Qb3 Qb6 7. d3 Nbd7 8. Be3
Bc5 9. Bxc5 Nxc5 10. Qa3 O-O 11. Nbd2 h6 12. Rfc1 Ncd7 13. Qc3 Bh7 14. b4 Rfe8
15. Rab1 Rad8 16. Rb2 e5 17. cxd5 cxd5 18. e3 Qe6 19. Qb3 Nb6 20. Rbc2 d4 21.
e4 Qxb3 22. Nxb3 Na4 23. Nc5 Nc3 24. Nxb7 Rb8 25. Nd6 Re7 26. Nc4 Nd7 27. a3 f5
28. exf5 Bxf5 29. Bf1 Bg4 30. Nfd2 Nb6 31. Re1 Nxc4 32. Nxc4 Rb5 33. f4 g5 34.
Rxe5 Rexe5 35. Nxe5 Bd1 36. Rc1 a5 37. Nc6 axb4 38. axb4 gxf4 39. Nxd4 Rxb4 40.
Ne6 fxg3 41. Rxc3 Bg4 42. Rc6 Kf7 43. Nc7 Rb1 44. Rc4 Bf5 45. Rf4 gxh2+ 46.
Kxh2 Kg6 47. Nd5 Kg5 48. Rf2 Rb3 49. Rg2+ Kh4 50. Ne7 Bh7 51. Ng6+ Bxg6 52.
Rxg6 h5 53. Rd6 Kg5 54. Bg2 Kf4 55. Be4 Kg4 56. Rg6+ Kf4 57. Rf6+ Kg4 58. Rf2
h4 59. Rg2+ 1-0

[Event "Chigorin Memorial"]
[Site "St Petersburg"]
[Date "2016.10.21"]
[Round "7.45"]
[White "Khakimov, Timur"]
[Black "Bublei, Pavel"]
[Result "0-1"]
[WhiteElo "2281"]
[BlackElo "2406"]
[PlyCount "56"]
[EventDate "2016.10.15"]
[EventType "swiss"]
[EventRounds "9"]
[EventCountry "RUS"]

1. d4 Nf6 2. Nf3 e6 3. Bf4 c5 4. e3 Nc6 5. c3 d5 6. Nbd2 Bd6 7. Bg3 O-O 8. Bb5
Bxg3 9. hxg3 Qd6 10. Bxc6 bxc6 11. Ne5 cxd4 12. exd4 c5 13. Ng4 Nxg4 14. Qxg4
cxd4 15. Qxd4 e5 16. Qd3 h6 17. O-O-O Rb8 18. Nc4 Qc7 19. Ne3 d4 20. Nc2 Qb6
21. b3 dxc3 22. Qe3 Qa5 23. Rd3 Bf5 24. Kb1 Bxd3 25. Qxd3 Rfd8 26. Qf5 Rd2 27.
g4 Qd5 28. Qf3 Rxb3+ 0-1

[Event "Chigorin Memorial"]
[Site "St Petersburg"]
[Date "2016.10.21"]
[Round "7.46"]
[White "Polyaninov, Aleksey"]
[Black "Arslanov, Shamil"]
[Result "0-1"]
[WhiteElo "2256"]
[BlackElo "2398"]
[PlyCount "60"]
[EventDate "2016.10.15"]
[EventType "swiss"]
[EventRounds "9"]
[EventCountry "RUS"]

1. e4 e6 2. d4 d5 3. exd5 exd5 4. Nf3 Nc6 5. Bd3 Bg4 6. c3 Bd6 7. O-O Nge7 8.
Re1 Qd7 9. Nbd2 O-O-O 10. b4 Rde8 11. b5 Nd8 12. Qa4 Kb8 13. Ba3 f6 14. Bxd6
Qxd6 15. Qb3 Ne6 16. a4 Nf4 17. Bf1 g5 18. a5 Nc8 19. Re3 Bd7 20. g3 Nh3+ 21.
Kg2 g4 22. Ng1 Rxe3 23. fxe3 h5 24. a6 b6 25. Bd3 h4 26. Ne2 hxg3 27. hxg3 f5
28. Nf1 Ne7 29. Nf4 Qh6 30. Re1 Nxf4+ 0-1

[Event "Chigorin Memorial"]
[Site "St Petersburg"]
[Date "2016.10.21"]
[Round "7.47"]
[White "Chu, Wei Chao"]
[Black "Apryshko, Gleb"]
[Result "1-0"]
[WhiteElo "2268"]
[BlackElo "2392"]
[PlyCount "71"]
[EventDate "2016.10.15"]
[EventType "swiss"]
[EventRounds "9"]
[EventCountry "RUS"]

1. d4 g6 2. e4 Bg7 3. Nc3 d6 4. Nf3 a6 5. a4 b6 6. Bd3 e6 7. Bg5 Ne7 8. Qd2 h6
9. Be3 Nd7 10. Ne2 Bb7 11. h3 c5 12. c3 Qc7 13. O-O e5 14. dxe5 dxe5 15. Ng3 c4
16. Bc2 Nc6 17. b4 cxb3 18. Bxb3 Na5 19. Ba2 Nc5 20. Rab1 Rd8 21. Qc2 O-O 22.
h4 Rd6 23. h5 Kh7 24. Rfd1 Rfd8 25. Nh4 Bf6 26. Bxf7 Bxh4 27. hxg6+ Rxg6 28.
Bxg6+ Kxg6 29. Qe2 Bxg3 30. Qg4+ Kh7 31. Qf5+ Kg7 32. Bxh6+ Kxh6 33. Qf6+ Kh7
34. Rxd8 Bxf2+ 35. Kf1 Qg7 36. Qf5+ 1-0

[Event "Chigorin Memorial"]
[Site "St Petersburg"]
[Date "2016.10.21"]
[Round "7.48"]
[White "Tsoi, Dmitry"]
[Black "Tologontegin, Semetey"]
[Result "1/2-1/2"]
[WhiteElo "2160"]
[BlackElo "2371"]
[PlyCount "90"]
[EventDate "2016.10.15"]
[EventType "swiss"]
[EventRounds "9"]
[EventCountry "RUS"]

1. e4 e6 2. d4 b6 3. Nf3 Bb7 4. Bd3 Nf6 5. Nbd2 c5 6. c3 Nc6 7. O-O cxd4 8.
cxd4 Nb4 9. Bb1 Ba6 10. Re1 Nd3 11. Bxd3 Bxd3 12. Qb3 Ba6 13. Qa4 Bb7 14. d5 a6
15. dxe6 fxe6 16. e5 b5 17. Qh4 Nd5 18. Qg4 Qb6 19. Ne4 O-O-O 20. a4 Kb8 21.
axb5 axb5 22. Rd1 Rc8 23. Nd6 Bxd6 24. exd6 Qxd6 25. Qd4 Rc4 26. Qa7+ Kc8 27.
b3 Rc7 28. Be3 Qb4 29. Rac1 Nc3 30. Rxc3 Qxc3 31. Nd4 Qb4 32. Qa1 Rf8 33. Bd2
Qc5 34. Ba5 Qg5 35. f3 Rxf3 36. Bxc7 Rd3 37. Bg3 Qd5 38. Rc1+ Kd8 39. Nf3 Rxf3
40. gxf3 Qxf3 41. Qa5+ Ke8 42. Qd2 Qh1+ 43. Kf2 Qf3+ 44. Ke1 Qh1+ 45. Ke2 Qf3+
1/2-1/2

[Event "Chigorin Memorial"]
[Site "St Petersburg"]
[Date "2016.10.21"]
[Round "7.49"]
[White "Aguera Naredo, Javier"]
[Black "Martynyuk, Elizaveta"]
[Result "0-1"]
[WhiteElo "2367"]
[BlackElo "2151"]
[PlyCount "70"]
[EventDate "2016.10.15"]
[EventType "swiss"]
[EventRounds "9"]
[EventCountry "RUS"]

1. e4 c5 2. Nf3 Nc6 3. d4 cxd4 4. Nxd4 g6 5. c4 Nf6 6. Nc3 Nxd4 7. Qxd4 d6 8.
Be2 Bg7 9. Be3 O-O 10. Qd2 a5 11. Rd1 a4 12. c5 Qa5 13. cxd6 exd6 14. O-O Qb4
15. Bd4 Be6 16. a3 Qb3 17. Rc1 Rac8 18. f4 Rxc3 19. bxc3 Nxe4 20. Qd3 Nc5 21.
Qe3 Bxd4 22. Qxd4 Qa2 23. Rce1 Qxa3 24. Bb5 Qb3 25. Rb1 Qa2 26. Qxd6 Bd5 27.
Be2 Ne4 28. Qe5 Qxe2 29. Qxd5 Nxc3 30. Qxb7 Nxb1 31. Qxb1 a3 32. Qb7 Qb2 33.
Qa7 a2 34. f5 Rb8 35. fxg6 Qb6+ 0-1